LEADER 03268nam 22008055 450 001 996466052303316 005 20200706171431.0 010 $a1-280-30736-6 010 $a9786610307364 024 7 $a10.1007/b96841 035 $a(CKB)1000000000016827 035 $a(SSID)ssj0000292315 035 $a(PQKBManifestationID)11213232 035 $a(PQKBTitleCode)TC0000292315 035 $a(PQKBWorkID)10255433 035 $a(PQKB)10991116 035 $a(DE-He213)978-3-540-25926-8 035 $a(MiAaPQ)EBC3088444 035 $a(PPN)155172166 035 $a(EXLCZ)991000000000016827 100 $a20121227d2004 u| 0 101 0 $aeng 135 $aurnn|008mamaa 181 $ctxt 182 $cc 183 $acr 200 10$aComputational Cardiology$b[electronic resource] $eModeling of Anatomy, Electrophysiology, and Mechanics /$fby Frank B. Sachse 205 $a1st ed. 2004. 210 1$aBerlin, Heidelberg :$cSpringer Berlin Heidelberg :$cImprint: Springer,$d2004. 215 $a1 online resource (XVIII, 330 p.) 225 1 $aLecture Notes in Computer Science,$x0302-9743 ;$v2966 300 $aBibliographic Level Mode of Issuance: Monograph 311 $a3-540-25926-0 311 $a3-540-21907-2 320 $aIncludes bibliographical references and index. 327 $a1. Introduction -- 2. Mathematical and Numerical Foundation -- 3. Theory of Electric Fields -- 4. Theory of Continuum Mechanics -- 5. Digital Image Processing -- 6. Cardiac Anatomy -- 7. Cardiac Electrophysiology -- 8. Cardiac Mechanics -- 9. Modeling of Cardiac Electro-Mechanics -- References. 410 0$aLecture Notes in Computer Science,$x0302-9743 ;$v2966 606 $aHuman anatomy 606 $aComputer simulation 606 $aCardiology 606 $aRadiology 606 $aHealth informatics 606 $aOptical data processing 606 $aAnatomy$3https://scigraph.springernature.com/ontologies/product-market-codes/H12005 606 $aSimulation and Modeling$3https://scigraph.springernature.com/ontologies/product-market-codes/I19000 606 $aCardiology$3https://scigraph.springernature.com/ontologies/product-market-codes/H33037 606 $aImaging / Radiology$3https://scigraph.springernature.com/ontologies/product-market-codes/H29005 606 $aHealth Informatics$3https://scigraph.springernature.com/ontologies/product-market-codes/H28009 606 $aImage Processing and Computer Vision$3https://scigraph.springernature.com/ontologies/product-market-codes/I22021 615 0$aHuman anatomy. 615 0$aComputer simulation. 615 0$aCardiology. 615 0$aRadiology. 615 0$aHealth informatics. 615 0$aOptical data processing. 615 14$aAnatomy. 615 24$aSimulation and Modeling. 615 24$aCardiology. 615 24$aImaging / Radiology. 615 24$aHealth Informatics. 615 24$aImage Processing and Computer Vision. 676 $a611/.12 700 $aSachse$b Frank B$4aut$4http://id.loc.gov/vocabulary/relators/aut$0597782 801 0$bMiAaPQ 801 1$bMiAaPQ 801 2$bMiAaPQ 906 $aBOOK 912 $a996466052303316 996 $aComputational Cardiology$91026851 997 $aUNISA LEADER 01757oam 2200421M 450 001 9910715997603321 005 20191123062439.7 035 $a(CKB)5470000002516114 035 $a(OCoLC)1062822638 035 $a(OCoLC)995470000002516114 035 $a(EXLCZ)995470000002516114 100 $a20070221d1864 ua 0 101 0 $aeng 135 $aurcn||||||||| 181 $ctxt$2rdacontent 182 $cc$2rdamedia 183 $acr$2rdacarrier 200 10$aAgricultural report. Communication from the Commissioner of Agriculture, in relation to binding agricultural report for the year 1862. January 29, 1864. -- Referred to the Committee on Agriculture and ordered to be printed 210 1$a[Washington, D.C.] :$c[U.S. Government Printing Office],$d1864. 215 $a1 online resource (1 page) 225 1 $aMis. doc. / 38th Congress, 1st session. House ;$vno. 24 225 1 $a[United States congressional serial set ] ;$v[serial no. 1199] 300 $aBatch processed record: Metadata reviewed, not verified. Some fields updated by batch processes. 300 $aFDLP item number not assigned. 606 $aBookbinding 606 $aGovernment publications 608 $aLegislative materials.$2lcgft 615 0$aBookbinding. 615 0$aGovernment publications. 712 02$aUnited States.$bDepartment of Agriculture. 801 0$bWYU 801 1$bWYU 801 2$bOCLCO 801 2$bOCLCQ 906 $aBOOK 912 $a9910715997603321 996 $aAgricultural report. Communication from the Commissioner of Agriculture, in relation to binding agricultural report for the year 1862. January 29, 1864. -- Referred to the Committee on Agriculture and ordered to be printed$93314578 997 $aUNINA LEADER 01450nam 2200421z- 450 001 9910340847503321 005 20210211 010 $a9788897523864 010 $a8897523862 010 $a9788899200015 010 $a8899200017 035 $a(CKB)4340000000013373 035 $a(oapen)https://directory.doabooks.org/handle/20.500.12854/46827 035 $a(PPN)189314184 035 $a(Perlego)1096098 035 $a(oapen)doab46827 035 $a(EXLCZ)994340000000013373 100 $a20191129d2017 uy | 101 0 $aita 135 $aurmn|---annan 181 $ctxt$2rdacontent 182 $cc$2rdamedia 183 $acr$2rdacarrier 200 00$aEsposizione del processo della natura 210 $cAccademia University Press 215 $a1 online resource 311 08$a9788897523857 311 08$a8897523854 330 $a«Che cos'e? l'Esistente? Che cosa penso quando penso l'Esistente?» Nel pieno sviluppo della filosofia positiva, l'Esposizione del 1844 getta nuova luce sulla Naturphilosophie di Schelling, mostrandone l'estrema rilevanza all'interno del percorso speculativo del filosofo. 606 $aPhilosophy$2bicssc 610 $aphilosophie 610 $aSchelling 615 7$aPhilosophy 700 $aSchelling$b Friedrich Wilhelm Joseph von$f1775-1854,$4auth$00 906 $aBOOK 912 $a9910340847503321 996 $aEsposizione del processo della natura$93426783 997 $aUNINA